000 00797nam a2200241 a 4500
001 000006753
005 20250423140401.0
008 090902s1987 dr ac 001 0 spa d
040 _aDO-SdBNP
082 _axxxx
_bM489p.
110 2 _aAsociación Médica Dominicana
_916565
245 1 3 _aEl médico y la patria /
_cedición Santiago Castro Ventura [et. al].
260 _aSanto Domingo :
_bAMD.,
_c1987.
300 _a175 p. :
_bil. ;
_c22 cm.
504 _aIncluye bibligrafía (p. 175-176)
700 1 _aCastro Ventura, Santiago
_eed.
_91837
700 1 _aAbreuy Vargas, David
_eed.
_918792
700 1 _aCaba, Senen
_eed.
_918793
700 1 _aMarmolejos, Carlos
_eed.
_910086
700 1 _aHernández, Cristina
_eed.
_99600
700 1 _aMartínez Abreu, Santiago
_eed.
_918794
049 _aBNPD
999 _c6541
_d6541